000 00312nam a22001457a 4500
008 210430b ||||| |||| 00| 0 eng d
020 _a9783811206724
041 _aeng
080 _a82
082 _a82
100 _a21
101 _aGJL
245 _aHexen und Hexenprozesse
_cBaschwitz,K
942 _2udc
_cBK
999 _c57068
_d57068